South Eastern Kenya University

Library Online Public Access Catalogue


Logistics management (Record no. 18520)

MARC details
000 -LEADER
fixed length control field 00762cam a2200253 4500
001 - CONTROL NUMBER
control field 787709
003 - CONTROL NUMBER IDENTIFIER
control field OSt
005 - DATE AND TIME OF LATEST TRANSACTION
control field 20250206113438.0
008 - FIXED-LENGTH DATA ELEMENTS--GENERAL INFORMATION
fixed length control field 740226s1974 maua b 001 0 eng
010 ## - LIBRARY OF CONGRESS CONTROL NUMBER
LC control number 74000295
020 ## - INTERNATIONAL STANDARD BOOK NUMBER
International Standard Book Number 9788131768624
040 ## - CATALOGING SOURCE
Original cataloging agency SEKU
Transcribing agency DLC
Modifying agency DLC
050 00 - LIBRARY OF CONGRESS CALL NUMBER
Classification number HF 5415.7
Item number .S38
082 00 - DEWEY DECIMAL CLASSIFICATION NUMBER
Classification number 658.7/8
100 1# - MAIN ENTRY--PERSONAL NAME
Personal name Davis, Grant Miller.
245 10 - TITLE STATEMENT
Title Logistics management
Statement of responsibility, etc. [by] Grant M. Davis [and] Stephen W. Brown.
260 ## - PUBLICATION, DISTRIBUTION, ETC. (IMPRINT)
Place of publication, distribution, etc. Lexington, Mass.,
Name of publisher, distributor, etc. Lexington Books
Date of publication, distribution, etc. [1974]
300 ## - PHYSICAL DESCRIPTION
Extent xviii, 449 p.
Other physical details illus.
Dimensions 24 cm.
504 ## - BIBLIOGRAPHY, ETC. NOTE
Bibliography, etc Includes bibliographies.
650 #0 - SUBJECT ADDED ENTRY--TOPICAL TERM
Topical term or geographic name as entry element Business logistics.
700 1# - ADDED ENTRY--PERSONAL NAME
Personal name Brown, Stephen Walter,
Dates associated with a name 1943-
Relator term joint author.
906 ## - LOCAL DATA ELEMENT F, LDF (RLIN)
a 7
b cbc
c orignew
d 1
e ocip
f 19
g y-gencatlg
942 ## - ADDED ENTRY ELEMENTS (KOHA)
Source of classification or shelving scheme Library of Congress Classification
Koha item type Shortloan

No items available.

Kitui, Kenya.
+254736116989
library@seku.ac.ke